000 01391nam a2200421 i 4500
001 15938
003 KOSZ 005
005 20190801123742.0
008 030409s1975 pl a |000 0 pol
015 _aPB 1975/2198
035 _a(PL-WaBN)b15575524-48omnis_nlop
035 _ab15575524
035 _a(OCoLC)749453191
035 _a(PL)b0000001557552
040 _aWA N
_cWA N
_dKOSZ 005/HR
041 1 _apol
_heng
080 _a330.43
100 1 _aGoldberger, Arthur Stanley.
_eAutor
245 1 0 _aTeoria ekonometrii /
_cArthur S. Goldberger ; [tł. Marian Kanton].
246 1 _iTyt. oryg.:
_aEconometric theory
250 _aWyd. 2.
260 _aWarszawa :
_bPaństwowe Wydawawnictwo Ekonomiczne,
_c1975.
300 _a503, [1] s. :
_btab. ;
_c24 cm.
336 _2rdacontent
_aTekst
_btxt
337 _2rdamedia
_aBez urządzenia pośredniczącego
_bn
338 _2rdacarrier
_aWolumin
_bnc
380 _aKsiążki
380 _aPublikacje naukowe
388 _a1901-2000
504 _aBibliogr.
658 _aGospodarka, ekonomia, finanse
650 7 _aEkonometria
_2DBN
700 1 _aKanton, Marian
_eTłumaczenie
710 2 _aPaństwowe Wydawnictwo Ekonomiczne
_4pbl
856 _uhttp://koha.tu.koszalin.pl/cgi-bin/koha/opac-detail.pl?biblionumber=15938
_yKatalog online BPK
942 _2UKD
_cKS
999 _c15938
_d15938